Category Elimination - Football Clubs (21/22) - Statistics

General Stats
  • This quiz has been taken 2,494 times
  • The average score is 17 of 20
Answer Stats
Group # Category % Correct
Green 20 Premier League club 2021-22
100%
Green 9 ...that begins with a letter between G and T
97%
Green 6 ...whose badge contains blue
94%
Green 2 ...and belongs to the so-called Big6
94%
Red 22 Teams that has won the European Cup and Champions League title
94%
White 20 Serie A clubs 2021-22
94%
White 10 ...that begins with a letter between F and S
93%
White 7 ...that has made into the final of Supercoppa Italiana
92%
White 5 ...in or after 2010
91%
Green 1 ...and has won the League title Manchester City
90%
Blue 20 La Liga club 2021-22
88%
Blue 7 ...who has won the title
88%
Red 10 ...which are not in the 5 major leagues now
86%
Blue 4 ...who has less than 20 titles or runner-ups in total
82%
Blue 3 ...which begins with any form of Athletic or Real
77%
Red 6 ...and has won once only
71%
White 1 ...that won the least Coppa Italia titles (6) Napoli
67%
Red 3 ...and they are the only club in their country/territory by far to win the title
64%
Blue 1 ...and doesn't have a crown on their badge Athletic Bilbao
60%
Red 1 ...and they were from a dissolved country (and the club still exists) Red Star Belgrade
46%
No matching quizzes found
Score Distribution
Percent of People with Each Score
Percentile by Number Answered
Your Score History
You have not taken this quiz